| 000 | 03205nam0a2200385 4500 | ||
|---|---|---|---|
| 001 | RU\NLR\BIBL_A\010514154 | ||
| 005 | 20260406205836.0 | ||
| 035 | _a(NLR Aleph) 010514154 | ||
| 090 |
_a10189704 _c10189704 |
||
| 100 | _a20141028e20141882|||y0rusy50 ca | ||
| 101 | 0 |
_arus _alat |
|
| 102 | _aRU | ||
| 105 | _aach|z|||100yb | ||
| 200 | 1 |
_aАльбомъ московской Пушкинской выставки 1880 года _fподъ ред. д.чл. Льва Поливанова |
|
| 205 | _a[Репр. изд.] | ||
| 210 |
_a[Б. м. _cб. и. _d201-?] _eООО "Астра-Полиграфия" Москва |
||
| 215 |
_aVI, 181, [51] с. _cил., портр., факс. _d30 |
||
| 300 | _aЗагл. обл.: Альбомъ Пушкинской выставки 1880 года | ||
| 300 | _aНа тит. л. вых. дан. ориг. изд.: Москва: Общество любителей Россiской словесности, 1882 | ||
| 300 | _aЧасть текста на латыни | ||
| 327 | 1 | _aНа тит. л. содерж.: 1: Биографический очерк А.С. Пушкина / сост. А.А. Венкштерн. 2: 62 фотогравюры и фотолитографии художника М.М. Панова и три политипажа. 3: Приложения | |
| 455 | 0 |
_12001#$aАльбом московской Пушкинской выставки 1880 года _1210##$aМосква$d1882 _tАльбом московской Пушкинской выставки 1880 года |
|
| 464 | 0 |
_12001#$aБиографический очерк А.С. Пушкина _1700#1$aВенкстерн$bА. А.$gАлексей Алексеевич$c1856-1909$3RU\NLR\AUTH\770138617 _tБиографический очерк А.С. Пушкина _aВенкстерн, Алексей Алексеевич (1856-1909) |
|
| 512 | 1 | _aАльбомъ Пушкинской выставки 1880 года | |
| 518 | 1 | _aАльбом московской Пушкинской выставки 1880 года | |
| 518 | 1 | _aАльбом Пушкинской выставки 1880 года | |
| 600 | 1 |
_aПушкин _bА.С. _f1799 - 1837 _gАлександр Сергеевич _xВыставки _92016280 _3RU\NLR\AUTH\66927480 |
|
| 686 | 2 | _aШ5(2=Р)51-4Пушкин.л6 | |
| 702 | 1 |
_4040 _8rus _7ca _aПанов _bМ. М. _cхудожник, фотограф _f1836-1894 _gМихаил Михайлович _3RU\NLR\AUTH\7790945 _973872 |
|
| 710 | 0 | 2 |
_aОбщество любителей российской словесности _cМосква _bПушкинская выставка _f1880 _3RU\NLR\AUTH\889966532 _9429418 |
| 942 | _cBOOK | ||
| 980 | _aNB | ||